Environmental, Social, and Governance (ESG) Investment and Reporting

Salvato in:
Dettagli Bibliografici
Altri autori: Bednárová, Michaela, 1987-, Soratana, Kullapa
Natura: Libro
Lingua:inglese
Pubblicazione: Cham Springer Nature Switzerland 2025
Edizione:1st Edition
Soggetti:
Tags: Aggiungi Tag
Nessun Tag, puoi essere il primo ad aggiungerne!!

MARC

LEADER 00000nam a2200000 4500
001 0314250
005 20260121080613.5
020 |a 978-3-031-84234-4 
041 0 |a eng 
044 |a CH 
245 1 0 |a Environmental, Social, and Governance (ESG) Investment and Reporting  |c Editors: Michaela Bednárová, Kullapa Soratana 
250 |a 1st Edition 
264 1 |a Cham  |b Springer Nature Switzerland  |c 2025 
300 |a 204 s. [10,2 AH] 
610 2 0 |a ESG 
610 2 0 |a reporting 
610 2 0 |a environmentalistika 
610 2 0 |a meranie výkonnosti 
610 2 0 |a zodpovednosť podniku spoločenská 
610 2 0 |a investovanie 
610 2 0 |a dáta 
610 2 0 |a ukazovatele 
610 2 0 |a financie udržateľné 
610 2 0 |a výkazníctvo finančné 
610 2 0 |a komunikácia 
700 1 |a Bednárová, Michaela, 1987- 
700 1 |a Soratana, Kullapa